MARC details
| 000 -LEADER |
| fixed length control field |
01450cam a2200337 i 4500 |
| 001 - CONTROL NUMBER |
| control field |
2225556 |
| 003 - CONTROL NUMBER IDENTIFIER |
| control field |
OSt |
| 005 - DATE AND TIME OF LATEST TRANSACTION |
| control field |
20230627111340.0 |
| 008 - FIXED-LENGTH DATA ELEMENTS--GENERAL INFORMATION |
| fixed length control field |
750829s1974 gw a 100 0 eng |
| 010 ## - LIBRARY OF CONGRESS CONTROL NUMBER |
| LC control number |
75512501 |
| 015 ## - NATIONAL BIBLIOGRAPHY NUMBER |
| National bibliography number |
GFR 75-A |
| 020 ## - INTERNATIONAL STANDARD BOOK NUMBER |
| International Standard Book Number |
3503011498 : |
| Terms of availability |
DM36.00 |
| 040 ## - CATALOGING SOURCE |
| Original cataloging agency |
DLC |
| Transcribing agency |
DLC |
| Modifying agency |
DLC |
| 041 0# - LANGUAGE CODE |
| Language code of text/sound track or separate title |
engfreger |
| 050 00 - LIBRARY OF CONGRESS CALL NUMBER |
| Classification number |
HC79.E5 |
| Item number |
I59 1974 |
| 082 ## - DEWEY DECIMAL CLASSIFICATION NUMBER |
| Classification number |
333.7 |
| Item number |
IPC |
| 111 2# - MAIN ENTRY--MEETING NAME |
| Meeting name or jurisdiction name as entry element |
International Parliamentary Conference on the Environment, |
| Number [OBSOLETE] |
3d, |
| Location of meeting |
Nairobi, |
| Date of meeting |
1974. |
| 245 10 - TITLE STATEMENT |
| Title |
International action, achievements and problems : |
| Remainder of title |
proceedings of the Third International Parliamentary Conference on the Environment = Action internationale, réalisation et problèmes = Internationale Massnahmen, ihre Durchführung und Problematik / |
| Statement of responsibility, etc. |
rapporteur and ed. of the original English text, Stella M. McEwin. |
| 260 ## - PUBLICATION, DISTRIBUTION, ETC. (IMPRINT) |
| Place of publication, distribution, etc. |
[Berlin] : |
| Name of publisher, distributor, etc. |
Schmidt, |
| Date of publication, distribution, etc. |
1974. |
| 300 ## - PHYSICAL DESCRIPTION |
| Extent |
208, [269] p. : |
| Other physical details |
ill. (col.) ; |
| Dimensions |
21 cm. |
| 490 1# - SERIES STATEMENT |
| Series statement |
Beiträge zur Umweltgestaltung ; Heft A 29 |
| 500 ## - GENERAL NOTE |
| General note |
Text in English, French and German. |
| 650 #0 - SUBJECT ADDED ENTRY--TOPICAL TERM |
| Topical term or geographic name as entry element |
Environmental policy |
| General subdivision |
Congresses. |
| 650 #0 - SUBJECT ADDED ENTRY--TOPICAL TERM |
| Topical term or geographic name as entry element |
Environmental protection |
| General subdivision |
Congresses. |
| 700 1# - ADDED ENTRY--PERSONAL NAME |
| Personal name |
McEwin, Stella M. |
| 740 ## - ADDED ENTRY--UNCONTROLLED RELATED/ANALYTICAL TITLE |
| Uncontrolled related/analytical title |
Action internationale, réalisation et problèmes. |
| 740 ## - ADDED ENTRY--UNCONTROLLED RELATED/ANALYTICAL TITLE |
| Uncontrolled related/analytical title |
Internationale Massnahmen, ihre Durchführung und Problematik. |
| 830 #0 - SERIES ADDED ENTRY--UNIFORM TITLE |
| Uniform title |
Beiträge zur Umweltgestaltung : A; |
| Volume number/sequential designation |
Heft 29. |
| 906 ## - LOCAL DATA ELEMENT F, LDF (RLIN) |
| a |
7 |
| b |
cbc |
| c |
orignew |
| d |
3 |
| e |
ncip |
| f |
19 |
| g |
y-gencatlg |
| 942 ## - ADDED ENTRY ELEMENTS (KOHA) |
| Source of classification or shelving scheme |
Dewey Decimal Classification |
| Koha item type |
Books |